| 000 | 01124nam a22002537a 4500 | ||
|---|---|---|---|
| 003 | OSt | ||
| 005 | 20250904151322.0 | ||
| 008 | 240426b ||||| |||| 00| 0 eng d | ||
| 040 | _c0 | ||
| 082 | _aDPer 621.317 Ie21 November 2022 v. 37 n. 11 | ||
| 100 |
_aAfkar, Mohammad. _eauthor. _956795 |
||
| 245 |
_aCascaded controller for controlling DC bus voltage in mismatched input powers / _cMohammad Afkar, Roghayeh Gavagsaz-Ghoachani, Matheepot Phattanasak, and Serge Pierfederici. |
||
| 260 |
_aNew York ; _bThe Institute of Electrical and Electronics Engineers, Inc. , _cNovember 2022. |
||
| 300 |
_aVolume 37, pages 13834-13847 : _billustration ; _c28 cm. |
||
| 500 | _aIEEE Transactions on Power Electronics, vol. 37, no. 11, pages 13834-13847, November 2022. | ||
| 650 | 0 |
_aMathematical models. _940324 |
|
| 650 | 0 |
_aVoltage control. _965950 |
|
| 650 | 0 |
_aRenewable energy. _967240 |
|
| 700 |
_aAfkar, Mohammad. _eauthor. _956795 |
||
| 700 |
_aGavagsaz-Ghoachani, Roghayeh. _eauthor. _956796 |
||
| 700 |
_aPhattanasak, Matheepot. _eauthor. _956797 |
||
| 700 |
_aPierfederici, Serge. _eauthor. _956798 |
||
| 942 |
_2ddc _cPER |
||
| 999 |
_c20182 _d20182 |
||